Proposed fiscal year 1996 budget requests for Department of Energy and FERC : hearing before the Committee on Energy and Natural Resources, United States Senate, One Hundred Fourth Congress, first session ... February 9, 1995.

Disimpan dalam:
Butiran Bibliografi
Pengarang Korporat: United States. Congress. Senate. Committee on Energy and Natural Resources.
Format: Buku
Bahasa:English
Diterbitkan: Washington : U.S. G.P.O. : For sale by the U.S. G.P.O., Supt. of Docs., Congressional Sales Office, 1995.
Siri:S. hrg. ; 104-78
Subjek-subjek:
Penanda-penanda: Tambah Penanda
Tiada Penanda, Jadilah orang pertama menanda rekod ini!
LEADER 01298nam a2200289Ia 4500
001 006042425-7
005 20020606163548.3
008 950912s1995 dcua f000 0 eng d
020 |a 016047437X 
035 0 |a ocm33118334 
040 |a GPO  |c GPO  |d HLS 
043 |a n-us--- 
074 |a 1040-A 
074 |a 1040-B (MF) 
086 0 |a Y 4.EN 2:S.HRG.104-78 
110 1 |a United States.  |b Congress.  |b Senate.  |b Committee on Energy and Natural Resources. 
245 1 0 |a Proposed fiscal year 1996 budget requests for Department of Energy and FERC :  |b hearing before the Committee on Energy and Natural Resources, United States Senate, One Hundred Fourth Congress, first session ... February 9, 1995. 
260 |a Washington :  |b U.S. G.P.O. :  |b For sale by the U.S. G.P.O., Supt. of Docs., Congressional Sales Office,  |c 1995. 
300 |a iii, 144 p. :  |b ill. ;  |c 24 cm. 
490 1 |a S. hrg. ;  |v 104-78 
500 |a Distributed to some depository libraries in microfiche. 
500 |a Shipping list no.: 95-0288-P. 
610 1 0 |a United States.  |b Department of Energy  |x Appropriations and expenditures. 
610 1 0 |a United States.  |b Federal Energy Regulatory Commission  |x Appropriations and expenditures. 
810 1 |a United States.  |b Congress.  |b Senate.  |t S. hrg ;  |v 104-78. 
988 |a 20020608 
906 |0 OCLC